000
00286nam a22001217a 4500
008
170619b xxu||||| |||| 00| 0 eng d
041
_a
eng
080
_a
32
100
_a
20
101
_a
SHP
245
_a
THE POLITICAL IDEAS OF ST,THOMAS AQUINAS
_c
BIGONGIARI.D
942
_2
udc
_c
BK
999
_c
18147
_d
18147